000 00846nam a2200277Ia 4500
003 GCL
008 140319s9999 xx 000 0 ara d
040 _aGCL /
_cGCL
082 0 4 _a301.1553
_bى س
100 1 _aلويس كامل مليكة
245 1 0 _aسيكلوجية الجماعات والقيادة /
_cلويس كامل مليكة
260 _a[S.N] :
_bالهيئة المصرية العامة للكتاب ،
_c1989
300 _aمتعدد الترقيم
490 _a
650 0 4 _aالتنمية الاجتماعية
650 0 4 _aالخدمة الاجتماعية
650 0 4 _aالادارة
650 0 4 _aنظريات
650 0 4 _aالتنظيم
650 0 4 _aالاجتماع
650 0 4 _aالسلوك
650 0 4 _aالسلطة
650 0 4 _aالقيادة
650 0 4 _aالقادة
942 _2ddc
_cBK
999 _c28602
_d28602